000 00605nam a22002297a 4500
001 31877
003 UA-OsUOA
005 20231005093001.0
007 ta
008 20050113b un ||||| |||| 00| 0 ukr d
040 _aUA-OsUOA
_bukr
_cUA-OsUOA
_dUA-OsUOA
041 _aukr
044 _aUA
080 _a94(477)(092)
090 _a94(477)(092)
_bС48
245 _aСлово о полку Ігоревім
_cупоряд. Л. Махновець
260 _aКиїв
_bНаукова думка
_c1967
300 _a520 с.
_bІлюстрації
650 7 _2UDC
942 _cBK
_2udc
955 _a0
999 _c318312
_d318312